| 000 | 01100nam a2200301 a 4500 | ||
|---|---|---|---|
| 001 | 000004614 | ||
| 005 | 20240412074202.0 | ||
| 008 | 090724s2006 ve 000 p spa d | ||
| 020 | _a9802764329 | ||
| 040 |
_aDO-SdBNP _bspa _cBNPHU |
||
| 082 |
_aV861.44 _bP181v |
||
| 100 | 1 |
_aPalomares, Ramón _d1935- _97568 |
|
| 245 | 1 | 0 |
_aVuelta a casa / _cRamón Palomares ; prólogo, cronología y bibliografía Patricia Guzmán ; notas Víctor Bravo. |
| 260 |
_aCaracas, Venezuela : _bBiblioteca Ayacucho, _c2006. |
||
| 300 |
_a388 p. ; _c25 cm. |
||
| 490 | 0 |
_aColección clásica _v233 |
|
| 500 | _aIncluye referencias bibliográficas y notas al pie de páginas | ||
| 500 | _aIncluye datos biografícos del autor | ||
| 504 | _aBibliografía : p. 371-377 | ||
| 600 | 1 | 4 |
_aPALOMARES, RAMÓN _xCRÍTICA E INTERPRETACIÓN _913455 |
| 650 | 0 |
_aPoesía dominicana _966 |
|
| 650 | 0 |
_aLiteratura dominicana. _967 |
|
| 700 | 1 | 2 |
_aGuzmán, Patricia, _epról _913456 |
| 700 | 1 | 2 |
_aBravo, Víctor _913457 |
| 830 | 0 |
_aColección clásica _v233 _913458 |
|
| 910 | _aValidado. Control de calidad MFF | ||
| 049 | _aBNPD | ||
| 999 |
_c4422 _d4422 |
||